000 00417nam a2200109Ia 4500
008 160909s9999 xx 000 0 und d
100 _aCory, Emily Faun,
245 4 _aThe rooftop raven project: An exploratory, qualitative study of puzzle solving ability in wild and captive ravens
260 _bThe University of Arizona.
_c2016
650 _aFOOD
856 _uhttp://pqdtopen.proquest.com/doc/1797593374.html?FMT=ABS
999 _c303992
_d303992